| 000 | 00634cam a2200193 a 4500 | ||
|---|---|---|---|
| 001 | 000002135 | ||
| 005 | 20260120073949.0 | ||
| 008 | 810511s1937 txu 000 0 spa | ||
| 040 |
_aDO-SdBNP _bspa _cBNPHU |
||
| 082 |
_a248.8 _bG662e |
||
| 100 | 1 |
_aGordon, A J., _d1836-1895 _96843 |
|
| 245 | 1 | 0 |
_aEcce Venit : _bhe aquí que viene / _cA. J. Gordon ; traducción, Sara Hale. |
| 260 |
_aTexas : _bCasa Bautista de publicaciones, _c1937. |
||
| 300 |
_a280 p. ; _c20 cm. |
||
| 650 | 4 |
_aExperiencia religiosa _96844 |
|
| 650 | 4 |
_aReligión _xEnseñanza _95217 |
|
| 650 | 0 |
_aVida espiritual _9268 |
|
| 700 | 1 |
_aHale, Sara, _d1788-1879, _etr. _96845 |
|
| 999 |
_c1987 _d1987 |
||